|
|
|
|
| LEADER |
00000nam0a2200000 4500 |
| 001 |
352408 |
| 005 |
20231102010509.0 |
| 020 |
|
|
|a RU
|b 83-18644
|
| 035 |
|
|
|a (RuTPU)RU\TPU\retro\8935
|
| 035 |
|
|
|a RU\TPU\book\153059
|
| 090 |
|
|
|a 352408
|
| 100 |
|
|
|a 20191223d1988 km y0rusy5003 ca
|
| 101 |
0 |
|
|a rus
|
| 102 |
|
|
|a RU
|
| 105 |
|
|
|a a z 000zb
|
| 200 |
1 |
|
|a Странствующий рыцарь Истины
|a Жизнь, мысль и подвиг Джордано Бруно
|f Р. К. Баландин
|
| 210 |
|
|
|a Москва
|c Детская литература
|d 1988
|
| 215 |
|
|
|a 240 с.
|c ил.
|
| 330 |
|
|
|a Книга посвящена жизни, научным воззрениям и подвигу ученого-философа второй половины XVI века Джордано Бруно.
|
| 600 |
|
1 |
|a Бруно
|b Дж.
|c итальянский философ и поэт
|f 1548-1600
|g Джордано
|2 stltpush
|3 (RuTPU)RU\TPU\pers\52
|9 35
|
| 606 |
|
|
|a Познавательная литература для детей
|2 stltpush
|3 (RuTPU)RU\TPU\subj\49974
|9 68734
|
| 610 |
1 |
|
|a философия
|
| 610 |
1 |
|
|a философы
|
| 610 |
1 |
|
|a истина
|
| 675 |
|
|
|a 087
|z rus
|v 3
|
| 700 |
|
1 |
|a Баландин
|b Р. К.
|g Рудольф Константинович
|4 070
|
| 801 |
|
0 |
|a RU
|b RuMRKP
|c 19950704
|g psbo
|
| 801 |
|
1 |
|a RU
|b 63413507
|c 20080806
|g PSBO
|
| 801 |
|
2 |
|a RU
|b 63413507
|c 20191223
|g PSBO
|
| 942 |
|
|
|c BK
|